| 000 | 00900cam a2200217 a 4500 | ||
|---|---|---|---|
| 001 | 000003127 | ||
| 005 | 20260417182716.0 | ||
| 008 | 731119s1961 nyu 001 f spa | ||
| 040 |
_aDO-SdBNP _bspa _cBNPHU |
||
| 082 |
_aH863.54 _bC414s |
||
| 245 | 0 | 0 |
_aCeremonia secreta y otros cuentos de América Latina premiados en el concurso literario de Life en español / _cMarco Denevi [et. al.]. |
| 260 |
_aGarden City, Nueva York : _bInteramericanas, _c1961. |
||
| 300 |
_a435 p. ; _c18 cm. |
||
| 490 | 1 |
_aEdiciones interamericanas, _vno. H2 |
|
| 650 | 4 |
_aCuentos hispanoamericanos _99678 |
|
| 650 | 0 |
_aLiteratura hispanoamericana _9318 |
|
| 700 | 1 |
_aDenevi, Marco, _d1922-1998. _ePrimer premio _99854 |
|
| 700 | 1 |
_aMartínez Moreno, Carlos, _d1917-1986 _eSegundo premio. _99855 |
|
| 700 | 1 |
_aEchevarría Yáñez, Alfonso, _d1922-1969 _bTercer Premio. _99856 |
|
| 830 | 0 |
_aEdiciones interamericanas, _vno. H2 _99857 |
|
| 999 |
_c2958 _d2958 |
||